Bullying : estampas infantiles de la violencia escolar : exploraciones psicológicas (Registro nro. 7855)
[ vista simple ]
| 000 -CABECERA | |
|---|---|
| campo de control de longitud fija | 00765nam a2200253 4500 |
| 005 - FECHA Y HORA DE ACTUALIZACIÓN | |
| campo de control | 20220118164009.0 |
| 008 - LONGITUD FIJA | |
| campo de control de longitud fija | 160316b xxu||||| |||| 00| 0 spa d |
| 020 ## - INTERNATIONAL STANDARD BOOK NUMBER | |
| Número Internacional Estándar del Libro | 9784484823 |
| 041 ## - IDIOMA | |
| Código de idioma del texto/pista de sonido o título separado | |
| 082 ## - CLASIFICACIÓN DECIMAL DEWEY | |
| Número de clasificación | 371.782 O74b |
| 100 ## - AUTOR PERSONAL | |
| Nombre de persona | Orozco Guzmán, Mario |
| 100 ## - AUTOR PERSONAL | |
| Nombre de persona | Méndez Puga, Ana María |
| 100 ## - AUTOR PERSONAL | |
| Nombre de persona | García Martínez, Yolanda Elena |
| 245 ## - TÍTULO PROPIAMENTE DICHO | |
| Título | Bullying : estampas infantiles de la violencia escolar : exploraciones psicológicas |
| 260 ## - PIE DE IMPRENTA | |
| Lugar de publicación, distribución, etc. | México |
| Nombre del editor, distribuidor, etc. | Manual Moderno |
| 300 ## - DESCRIPCIÓN FÍSICA | |
| Extensión | 180 páginas |
| 650 ## - Materia General | |
| Materia general | ACOSO ESCOLAR |
| 650 ## - Materia General | |
| Materia general | BULLYING |
| 650 ## - Materia General | |
| Materia general | PREVENCIÓN |
| 650 ## - Materia General | |
| Materia general | VIOLENCIA ESCOLAR |
| 650 ## - Materia General | |
| Materia general | AMBIENTE ESCOLAR |
| 650 ## - Materia General | |
| Materia general | EVALUACIÓN |
| 942 ## - Punto de Acceso Adicional Koha | |
| Tipo de ítem Koha | Libro |
| Estado perdido | Estado dañado | No para préstamo | Biblioteca permanente | Biblioteca actual | Signatura completa | Código de barras | Precio efectivo a partir del | Tipo de ítem |
|---|---|---|---|---|---|---|---|---|
| Departamento de Biblioteca y Documentación Alfonso Chase Brenes | Departamento de Biblioteca y Documentación Alfonso Chase Brenes | 371.782 O74b | 20797 | 16/03/2016 | Libro | |||
| Departamento de Biblioteca y Documentación Alfonso Chase Brenes | Departamento de Biblioteca y Documentación Alfonso Chase Brenes | 371.782 O74b | 21356 | 29/09/2016 | Libro |